Banderas de Territorios dependientes - Estadísticas

Estadísticas generales
  • Esta prueba ha sido intentada 1.708 veces
  • La puntuación promedio es 25 de 39
Estadísticas de respuestas
Imagen Respuesta % Correcto
Puerto Rico
96%
Hong Kong
94%
Groenlandia
93%
Guam
89%
Islas Feroe
86%
Islas Vírgenes de los Estados Unidos
85%
Gibraltar
84%
Macao
82%
Isla de Man
79%
Isla de Navidad
79%
Isla de Cocos
77%
Samoa Americana
77%
Aruba
75%
Islas Cook
74%
Isla Norfolk
71%
Polinesia Francesa
71%
Niue
69%
Curazao
66%
Tokelau
66%
Anguila
64%
Bermudas
64%
Isla de Jersey
63%
Islas Malvinas
63%
Islas Marianas del Norte
61%
Montserrat
60%
San Martin
57%
Isla de Guernsey
56%
Islas Vírgenes Británicas
53%
Bonaire
52%
Islas Caimán
50%
Turcas y Caicos
46%
Islas Pitcairn
45%
Territorio Británico en el Oceano Indico
44%
Isla de Pascua
41%
Santa Elena
40%
Islas Georgias del Sur y Sandwich del Sur
34%
Territorio Antártico Britanico
30%
Tristán de Acuña
29%
Isla Ascensión
23%
No se encontraron pruebas coincidentes
Distribución de puntuación
Porcentaje de gente con cada puntuación
Porcentaje por número respondido
Historial de tus puntuaciones
No has intentado esta prueba.